000 00387nam a2200157Ia 4500
008 230524s9999 xx 000 0 und d
082 _a650
_bHOR
100 _aJames C.Van Horne
245 0 _aFinancial Management and Policy 12th ed.
250 _a12TH
260 _aNEW DELHI
_bPHI
_c2003
300 _aXV;797
500 _aQuantity Number: 8
650 _aManagement
942 _cBK
999 _c40483
_d40483